000 00494nam a2200193Ia 4500
005 20250923144715.0
008 008 250917s9999 xx 000 0 eng d
037 _aTextual
040 _aDSWL
_beng
_cDSWL
041 _aeng
_2eng
084 _qDSWL
245 0 _aRoad transport reorganisation committee
260 _aIndia
_bIndia Ministry of Department Communications
_c1959
300 _a153p.
365 _aINR
_b2
925 _g2
942 _cTEXL
999 _c1442306
_d1442306